书目信息 |
| 题名: |
机动车驾驶员学科考试读本
|
|
| 作者: | 本书组编 | |
| 分册: | ||
| 出版信息: | 青岛 青岛出版社 1988.05 |
|
| 页数: | 166页 | |
| 开本: | 20cm | |
| 丛书名: | ||
| 单 册: | ||
| 中图分类: | TH238 | |
| 科图分类: | ||
| 主题词: | 起重机械 , 运输机械 | |
| 电子资源: | ||
| ISBN: | 7-5436-0163-X | |
| 000 | 00562nam0 2200193 450 | |
| 001 | 0857734750 | |
| 005 | 20081009160433.72 | |
| 010 | @a7-5436-0163-X@dCNY2.00 | |
| 100 | @a20081009d1988 km y0chiy0120 ea | |
| 101 | 0 | @achi |
| 102 | @aCN | |
| 200 | 1 | @a机动车驾驶员学科考试读本@Aji dong che jia shi yuan xue ke kao shi du ben@f本书组编@Fben shu zu bian |
| 210 | @a青岛@c青岛出版社@d1988.05 | |
| 215 | @a166页@d20cm | |
| 606 | 0 | @a起重机械 |
| 606 | 0 | @a运输机械 |
| 690 | @aTH238@v4 | |
| 801 | 0 | @aCN@b大连网信软件有限公司图书馆·11@c20081009 |
| 905 | @aBZT@dTH238@e2 | |
| 机动车驾驶员学科考试读本/本书组编.-青岛:青岛出版社,1988.05 |
| 166页;20cm |
| ISBN 7-5436-0163-X:CNY2.00 |
| ● |
| 相关链接 |
|
|
|
正题名:机动车驾驶员学科考试读本
索取号:TH238/2
 
预约/预借
| 序号 | 登录号 | 条形码 | 馆藏地/架位号 | 状态 | 备注 |
| 1 | 011045 | 201253909 | 中心书库中库/ 中库030架A面3列1层6/ [索取号:TH238/2] | 在馆 |